Central Library OPAC University of Rajshahi

History of India : (Record no. 55854)

MARC details
000 -LEADER
fixed length control field 00660nam a2200205 a 4500
001 - CONTROL NUMBER
control field 55854
003 - CONTROL NUMBER IDENTIFIER
rucl marc code BD-RjUL
005 - DATE AND TIME OF LATEST TRANSACTION
control field 20211209080325.0
008 - FIXED-LENGTH DATA ELEMENTS--GENERAL INFORMATION
fixed length control field 161122s1995 ii ab 000 0 eng
035 ## - SYSTEM CONTROL NUMBER
System control number (BD-RjUL)55978
040 ## - CATALOGING SOURCE
Original cataloging agency DLC
Transcribing agency BD-RjUL
Language of cataloging eng
Modifying agency BD-RjUL
041 ## - LANGUAGE CODE
Language code of text/sound track or separate title eng
082 ## - DEWEY DECIMAL CLASSIFICATION NUMBER
Edition number 23
Classification number 954.03
Author mark and year RAH 1995
100 ## - MAIN ENTRY--PERSONAL NAME
Personal name Raychoudhary, S C
9 (RLIN) 166297
245 00 - TITLE STATEMENT
Title History of India :
Remainder of title a detailed study of social, cultural, political and economic aspects /
Statement of responsibility, etc. S C Raychoudhary
260 ## - PUBLICATION, DISTRIBUTION, ETC. (IMPRINT)
Place of publication, distribution, etc. New Delhi :
Name of publisher, distributor, etc. Distributed exclusively in India by Teksons,
Date of publication, distribution, etc. 1995
300 ## - PHYSICAL DESCRIPTION
Pagination 438 p. :
Illustrations ill. ;
Size 22 cm.
651 #0 - SUBJECT ADDED ENTRY--GEOGRAPHIC NAME
Geographic name India
General subdivision History.
9 (RLIN) 166298
942 ## - ADDED ENTRY ELEMENTS (KOHA)
Source of classification or shelving scheme Dewey Decimal Classification
Koha item type Books
Holdings
Lost status Source of classification or shelving scheme Damaged status Not for loan Collection code Permanent Location Current Location Shelving location Date acquired Source of acquisition Cost, normal purchase price Total Checkouts Full call number Date last seen Date checked out Copy number Koha item type
  Dewey Decimal Classification     Non-fiction Central Library, University of Rajshahi Central Library, University of Rajshahi   21/06/199 dhaka, paragon Enterprice ltd. 171.00 1 954.03 RAH 1995 09/09/2019 30/07/2019 C-2 Books